Formula One - Guess the Corner - Statistics

General Stats
  • This quiz has been taken 53 times
  • The average score is 8 of 17
Answer Stats
Description Corner % Correct
The final chicane at the Circuit Gilles Villeneuve is well known for this wall on the exit of the corner Wall of Champions
87%
The final corner at the Autodromo Nazionale di Monza Parabolica
77%
Immediately after Eau Rouge at Spa, you rise up through this kink before heading down the Kemmel Straight Raidillon
77%
Becketts
74%
The three main corners of Silverstone's Esses are known by these names Maggotts
72%
A stand-out corner on an otherwise dull circuit, this long left at Sochi is known only by a number Turn 3
72%
A notoriously tight sequence of corners in Baku that caught out both Charles Leclerc and Robert Kubica in 2019 Castle Section
67%
Fernando Alonso made a daring move around the outside of Michael Schumacher at this Japanese corner in 2005 130R
56%
Turns 8 and 9 at the Nürburgring are named after this widely successful German racer Michael Schumacher
54%
This infamous quadruple-apex corner at the former Istanbul Park is known only by its number Turn 8
44%
One of Monaco's trickiest corners, a slow, downhill right after Casino Square Mirabeau Haute
36%
Chapel
33%
This fast left-hander at Imola was the site of Piquet's massive crash in 1987 Tamburello
33%
The third corner at Interlagos, after the "S do Senna" is known by this bright name Curva do Sol
13%
The slow left at Hockenheim that famously cost Vettel the win in 2018 Sachskurve
13%
The fast right-hand turn at Paul Ricard at the end of the Mistral Straight Signes
13%
The slow sequence of corners at the end of this Mexican track run through this stadium, previously host to baseball games Foro Sol
10%
No matching quizzes found
Score Distribution
Percent of People with Each Score
Percentile by Number Answered
Your Score History
You have not taken this quiz